Pages de début (notice n° 1603564)

détails MARC
000 -LEADER
fixed length control field 02138cam a2200169 4500500
005 - DATE AND TIME OF LATEST TRANSACTION
control field 20251228092718.0
041 ## - LANGUAGE CODE
Language code of text/sound track or separate title fre
042 ## - AUTHENTICATION CODE
Authentication code dc
100 10 - MAIN ENTRY--PERSONAL NAME
Personal name Nouailhat, Yves-Henri
Relator term author
245 00 - TITLE STATEMENT
Title Pages de début
260 ## - PUBLICATION, DISTRIBUTION, ETC.
Date of publication, distribution, etc. 2025.<br/>
500 ## - GENERAL NOTE
General note 13
520 ## - SUMMARY, ETC.
Summary, etc. La sécurité entre permanence et changementLa fin de l’ère bipolaire devait forcément déboucher sur une nouvelle approche dans les conceptions sécuritaires. Mais dans quel sens ? En liant entre eux des apports de Barry Buzan, Ole Waever et Roxanne Lynn Doty, en retraçant brièvement l’évolution conceptuelle de la sécurité étatique à la sécurité humaine en passant par la sécurité sociétale, en proposant une lecture transnationale des approches et des enjeux sécuritaires, l’auteur offre une réflexion sur les manières d’appréhender la sécurité comme objet d’étude et comme traduction des enjeux et des problématiques sécuritaires pouvant concerner l’individu, la société et l’État. Entre permanence et changement, on comprendra que les enjeux sécuritaires ne sont finalement que le résultat d’une rencontre entre le naturel et le rationnel.
520 ## - SUMMARY, ETC.
Summary, etc. La sécurité entre permanence et changementThe end of the bipolar era must inevitably lead to a new approach to security conceptions. But in what sense ? Linking contributions by Barry Buzan, Ole Waever and Roxanne Lynn Doty, retracing briefly the conceptual evolution from state security to human security passing through societal security, proposing a transnational reading of security stakes and approaches, the author offers a reflection on ways to grasp security as an object of study and as a translation of the security stakes and problematics which may concern the individual, society and the State. Between permanence and change, one will understand that security stakes are finally just the result of a meeting between the natural and the rational.
786 0# - DATA SOURCE ENTRY
Note Relations internationales | 202 | 2 | 2025-08-25 | p. 1-2 | 0335-2013
856 41 - ELECTRONIC LOCATION AND ACCESS
Uniform Resource Identifier <a href="https://shs.cairn.info/revue-relations-internationales-2025-2-page-1?lang=fr&redirect-ssocas=7080">https://shs.cairn.info/revue-relations-internationales-2025-2-page-1?lang=fr&redirect-ssocas=7080</a>

Pas d'exemplaire disponible.

PLUDOC

PLUDOC est la plateforme unique et centralisée de gestion des bibliothèques physiques et numériques de Guinée administré par le CEDUST. Elle est la plus grande base de données de ressources documentaires pour les Étudiants, Enseignants chercheurs et Chercheurs de Guinée.

Adresse

627 919 101/664 919 101

25 boulevard du commerce
Kaloum, Conakry, Guinée

Réseaux sociaux

Powered by Netsen Group @ 2025